| 000 | 00000nam 2200000zi 4500 |
| 001 | 9.938506 |
| 003 | CaOODSP |
| 005 | 20250318083349 |
| 006 | m o d f |
| 007 | cr cn||||||||| |
| 008 | 240522t20252025oncabdo obf f000 0 eng d |
| 020 | |a9780660720449 |
| 040 | |aCaOODSP|beng|erda|cCaOODSP |
| 043 | |an-cn--- |
| 086 | 1 |aNR24-28/1-2020E-PDF |
| 245 | 00|aStructural commentaries (user's guide – NBC 2020 : |bpart 4 of division B) / |cissued by the Canadian Commission on Building and Fire Codes, National Research Council of Canada. |
| 246 | 14|aStructural commentaries : |buser's guide National Building Code of Canada 2020 part 4 of Division B |
| 250 | |aFifth edition, First printing. |
| 264 | 1|a[Ottawa] : |bNational Research Council of Canada = Conseil national de recherches Canada, |c2025. |
| 264 | 4|c©2025 |
| 300 | |a1 online resource (1 volume (various pagings)) : |billustrations, maps, graphs, photographs |
| 336 | |atext|btxt|2rdacontent |
| 337 | |acomputer|bc|2rdamedia |
| 338 | |aonline resource|bcr|2rdacarrier |
| 500 | |aIssued also in French under title: Commentaires sur le calcul des structures (Guide de l'utilisateur - CNB 2020 : partie 4 de la division B). |
| 504 | |aIncludes bibliographical references. |
| 520 | |a"The Structural Commentaries presented herein serve to provide designers with detailed design information that will assist them in the application of Part 4 of Division B of the National Building Code of Canada (NBC) 2020. They contain background information and suggested approaches to certain design issues; the information provided does not constitute mandatory requirements of the NBC"--Introduction, page v. |
| 530 | |aIssued also in printed form. |
| 650 | 0|aBuilding laws|zCanada. |
| 650 | 0|aBuildings|xStandards|zCanada. |
| 650 | 0|aStructural design|vHandbooks, manuals, etc. |
| 655 | 7|aHandbooks and manuals|2lcgft |
| 710 | 2 |aCanadian Commission on Building and Fire Codes, |eissuing body. |
| 775 | 08|tCommentaires sur le calcul des structures (guide de l'utilisateur - CNB 2020 : |w(CaOODSP)9.938509 |
| 776 | 0#|tStructural commentaries : |w(CaOODSP)9.938507 |
| 795 | |tStructural commentaries (user’s guide – NBC 2015 : |bFourth edition.|w(CaOODSP)9.805116 |
| 856 | 40|qPDF|s9.34 MB|uhttps://publications.gc.ca/collections/collection_2025/cnrc-nrc/NR24-28-1-2020-eng.pdf |
| 856 | 40|qHTML|sN/A|uhttps://doi.org/10.4224/2q58-aq66 |
| 986 | |aNRCC-CONST-56529E |